000 01085nam a22002537a 4500
005 2011080406576.0
008 090728t xxu||||| |||| 00| 0 pun d
010 _aPUN-7111
020 _c25.00
035 _aPN-6229
037 _bDBAD / PUB
040 _adpl
_bpn
082 _a260.33
100 _924414
_aਹਰਿੰਦਰ ਸਿੰਘ ਰੂਪ
245 _aਸਿੱਖ ਤੇ ਸਿੱਖੀ /
_bਹਰਿੰਦਰ ਸਿੰਘ ਰੂਪ
246 _aSikh te sikhi
_bbyHarinder Singh Roop
260 _aਅੰਮ੍ਰਿਤਸਰ
_bਸਿੱਖ ਇਤਿਹਾਸ ਰੀਸਰਚ ਬੋਰਡ (ਸ਼੍ਰੋਮਣੀ ਗੁਰਦੁਆਰਾ ਪ੍ਰਬੰਧਕ ਕਮੇਟੀ)
_c2006
270 _aS.G.P.C.
_bAmritsar
_e143002
300 4 _a128p.
_c22ਸੇਂਮੀ (ਸਜਿਲੱਦ)
600 _931401
700 _935472
942 _2ddc
_cPN
_h260.33
_mਹਰਿੰਦ
999 _c57607
_d57607